[Event "Titled Tue 10th Dec Early"]
[Site "chess.com INT"]
[Date "2024.12.10"]
[Round "11"]
[White "Talibov,Shiroghlan"]
[Black "Nakamura,Hi"]
[Result "0-1"]
[WhiteElo "2431"]
[BlackElo "2802"]

1.d4 a5 2.a3 d5 3.Nf3 c6 4.Bf4 a4 5.e3 b5 6.Bd3 Bg4 7.c3 Nd7 8.Nbd2 e6 9.h3 Bh5
10.Qc2 Bg6 11.Ne5 Nxe5 12.Bxe5 Nf6 13.O-O Nd7 14.Bg3 Nb6 15.e4 Bd6 16.Bxd6 Qxd6
17.e5 Qe7 18.f4 Bxd3 19.Qxd3 g6 20.Kh2 O-O 21.g4 f6 22.Rae1 Rf7 23.exf6 Rxf6
24.Qg3 Qd6 25.Re5 Raf8 26.Qe3 Re8 27.Re1 Nd7 28.Kg2 Qf8 29.Kg3 Nxe5 30.fxe5 Rf7
31.Nf3 h6 32.Nh4 Qg7 33.Qd3 Kh7 34.Re3 Ref8 35.Rf3 Rxf3+ 36.Nxf3 Qf7 37.Qe3 g5
38.Qd3+ Kg7 39.Qe3 Qg6 40.Qe2 Qe4 41.Qf2 Rf4 42.Kg2 Kf8 43.Qg3 Ke7 44.Qf2 Kd7
45.Qg3 Kc7 46.Qf2 Kb6 47.Qf1 c5 48.dxc5+ Kxc5 49.Qf2+ Kc4 50.Qf1+ Kb3 51.Qxb5+ Ka2
52.Qf1 Qxf3+ 53.Qxf3 Rxf3 54.Kxf3 Kxb2  0-1

[Event "Titled Tue 17th Dec Late"]
[Site "chess.com INT"]
[Date "2024.12.17"]
[Round "1"]
[White "Fang,Elbert"]
[Black "Nakamura,Hi"]
[Result "0-1"]
[WhiteElo "2145"]
[BlackElo "2802"]

1.e4 g6 2.d4 c6 3.c4 d6 4.Nc3 Bg7 5.f4 a6 6.Nf3 Bg4 7.Be3 Nd7 8.h3 Bxf3 9.Qxf3 c5
10.d5 Qb6 11.Qf2 Bd4 12.Bxd4 cxd4 13.Nd1 Ngf6 14.Bd3 Qb4+ 15.Qd2 Nc5 16.Nf2 Nxd3+
17.Nxd3 Qxd2+ 18.Kxd2 Nxe4+ 19.Kc2 Rc8 20.b3 b5 21.Rhe1 f5 22.Nb2 bxc4 23.Nxc4 Rc5
24.Kd3 Rxd5 25.Rac1 Kf7 26.g4 Nf2+ 27.Ke2 Nxh3  0-1

[Event "Titled Tue 17th Dec Early"]
[Site "chess.com INT"]
[Date "2024.12.17"]
[Round "1"]
[White "Olsson,Li"]
[Black "Nakamura,Hi"]
[Result "0-1"]
[WhiteElo "2166"]
[BlackElo "2802"]

1.d4 g6 2.c4 Bg7 3.Nc3 c5 4.d5 Bxc3+ 5.bxc3 f5 6.Qa4 Qb6 7.e3 Qa6 8.Qb5 b6
9.Nf3 Nf6 10.Bd3 Qxb5 11.cxb5 a6 12.bxa6 Bxa6 13.Bxa6 Rxa6 14.c4 Ra4 15.Nd2 d6
16.O-O Nbd7 17.Bb2 O-O 18.a3 b5 19.cxb5 Nxd5 20.Rfe1 Rb8 21.e4 fxe4 22.Rxe4 Rxe4
23.Nxe4 Rxb5 24.Bc1 Ra5 25.f3 Ra4 26.Kf2 N7b6 27.Rb1 h5 28.h4 Kf7 29.Ng5+ Ke8
30.g3 Rc4 31.Bd2 Rc2 32.Ke1 Ra2 33.Bc1 Kd7 34.Ne4 Kc6 35.g4 Nc4 36.gxh5 gxh5
37.Rb8 Ra1 38.Kd1 Nde3+ 39.Ke2 Rxc1 40.Rc8+ Kd7 41.Rb8 Rc2+ 42.Ke1 Ra2  0-1

[Event "Titled Tue 17th Dec Early"]
[Site "chess.com INT"]
[Date "2024.12.17"]
[Round "2"]
[White "Nakamura,Hi"]
[Black "Haddouche,M"]
[Result "1-0"]
[WhiteElo "2802"]
[BlackElo "2490"]

1.b3 Nf6 2.Bb2 g6 3.Bxf6 exf6 4.e3 d5 5.d4 f5 6.Ne2 Nd7 7.g3 Nf6 8.Bg2 h5
9.h4 Bd6 10.Nd2 c6 11.c4 Be6 12.Qc2 O-O 13.O-O Ne4 14.Nf3 Rc8 15.Rfd1 Qe7
16.Nf4 Bxf4 17.exf4 c5 18.cxd5 Bxd5 19.dxc5 Rxc5 20.Qb2 Rfc8 21.Qe5 Be6 22.Qd4 Rc2
23.Rf1 b6 24.Ne5 Rd2 25.Qe3 Rc3 26.Qe1 Rcc2 27.Rd1 Qb4 28.Nf3  1-0

[Event "Titled Tue 17th Dec Late"]
[Site "chess.com INT"]
[Date "2024.12.17"]
[Round "2"]
[White "Nakamura,Hi"]
[Black "Golubev,M"]
[Result "1-0"]
[WhiteElo "2802"]
[BlackElo "2461"]

1.b3 d6 2.Bb2 Nd7 3.d4 Ngf6 4.Nf3 g6 5.g3 Bg7 6.Bg2 O-O 7.O-O c6 8.c4 Re8
9.e3 Qc7 10.b4 e5 11.c5 e4 12.cxd6 Qxd6 13.Nfd2 Qxb4 14.Ba3 Qa5 15.Nc4 Qa6
16.Nd6 Re6 17.Bh3 Nf8 18.Nxc8 Rxc8 19.Bxf8 Rxf8 20.Bxe6 fxe6 21.Nc3 Qa5 22.Rc1 Qf5
23.f3 exf3 24.Rxf3 Qh5 25.Qe2 b5 26.Rcf1 b4 27.Na4 Qb5 28.Qxb5 cxb5 29.Nc5 Kf7
30.Nd7  1-0

[Event "Titled Tue 17th Dec Early"]
[Site "chess.com INT"]
[Date "2024.12.17"]
[Round "3"]
[White "Starozhilov,L"]
[Black "Nakamura,Hi"]
[Result "0-1"]
[WhiteElo "2276"]
[BlackElo "2802"]

1.e4 g6 2.d4 c6 3.Nc3 d5 4.Nf3 Bg4 5.Be2 Bg7 6.Be3 dxe4 7.Nxe4 Nf6 8.Nxf6+ exf6
9.h3 Be6 10.O-O O-O 11.c3 Nd7 12.Qd2 b5 13.Rfe1 Nb6 14.Bh6 a5 15.Bxg7 Kxg7
16.Bd3 a4 17.a3 Qd6 18.Re2 Nd5 19.Rae1 Nf4 20.Re3 Bd5 21.Bf1 h5 22.g3 Ne6
23.Bg2 Rad8 24.Qc1 Qc7 25.h4 Qb7 26.Qc2 c5 27.dxc5 Nxc5 28.Re7 Qa8 29.R1e3 Rd6
30.Ne1 Bxg2 31.Nxg2 Rfd8 32.Re2 Rd1+ 33.Kh2 Qd5 34.Ra7 Nd7 35.Qe4 Qxe4 36.Rxe4 Ne5
37.Ne3 R1d2 38.Kg2 Rxb2 39.Rb7 Rdd2  0-1

[Event "Titled Tue 17th Dec Late"]
[Site "chess.com INT"]
[Date "2024.12.17"]
[Round "3"]
[White "Franc,Borna"]
[Black "Nakamura,Hi"]
[Result "0-1"]
[WhiteElo "2282"]
[BlackElo "2802"]

1.e4 g6 2.d4 c6 3.c3 d6 4.Bd3 Bg7 5.h4 h5 6.Bg5 Qb6 7.Qc2 c5 8.d5 Nf6 9.Nd2 Qc7
10.a4 b6 11.Ngf3 a6 12.Bf4 Ng4 13.Bg3 Nd7 14.Ng5 Rb8 15.Be2 b5 16.axb5 axb5
17.O-O c4 18.Ndf3 Nc5 19.Nd4 Bd7 20.Rfe1 O-O 21.f4 b4 22.Kh1 Nb3  0-1

[Event "Titled Tue 17th Dec Early"]
[Site "chess.com INT"]
[Date "2024.12.17"]
[Round "4"]
[White "Nakamura,Hi"]
[Black "Bardyk,Artem"]
[Result "1-0"]
[WhiteElo "2802"]
[BlackElo "2249"]

1.b3 d5 2.Bb2 Nf6 3.d3 Nc6 4.Nf3 g6 5.Bxf6 exf6 6.d4 f5 7.g3 h5 8.e3 Qf6
9.a3 Bd7 10.c4 dxc4 11.bxc4 Bh6 12.Nc3 O-O 13.Bg2 Ne7 14.Ne5 Bc6 15.Bxc6 Nxc6
16.Nd7 Qe6 17.Nxf8 Qxc4 18.Ne2 Rxf8 19.O-O h4 20.Rc1 Qa6 21.Nc3 Qxa3 22.Nd5 Qd6
23.Qf3 Rd8 24.Rc5 Kg7 25.Nf4 hxg3 26.hxg3 Bxf4 27.Qxf4 Qxf4 28.gxf4 Rd6 29.d5 Ne7
30.Rxc7 Nxd5 31.Rxb7 Nf6 32.Rxa7 Rd8 33.Rb1 Rf8 34.Rbb7 Ne4 35.f3 Nd6 36.Rd7 Nc8
37.Rab7 Kf6 38.Kf2 Ke6 39.e4 fxe4 40.fxe4 Nd6 41.Re7+  1-0

[Event "Titled Tue 17th Dec Late"]
[Site "chess.com INT"]
[Date "2024.12.17"]
[Round "4"]
[White "Nakamura,Hi"]
[Black "Hansen,Eric"]
[Result "1-0"]
[WhiteElo "2802"]
[BlackElo "2609"]

1.b3 d5 2.Bb2 Bg4 3.h3 Bh5 4.g3 c6 5.Bg2 Nd7 6.Nf3 e6 7.d3 Ngf6 8.g4 Bg6
9.Nh4 Bd6 10.e3 e5 11.Nd2 Qe7 12.a3 O-O 13.Qe2 a5 14.g5 Ne8 15.Nxg6 fxg6
16.h4 Nc7 17.Bh3 Nc5 18.O-O-O N5e6 19.Nb1 Rf7 20.Bg4 Raf8 21.f3 d4 22.Rde1 dxe3
23.Qxe3 Nd5 24.Qf2 Bc5 25.Qh2 Be3+ 26.Nd2 Bf4 27.Qf2 b5 28.Kb1 b4 29.Nc4 bxa3
30.Bxa3 Qe8 31.Bxe6 Qxe6 32.Bxf8 Rxf8 33.Qc5 Rb8 34.Qd6 Qe8 35.Nxe5  1-0

[Event "Titled Tue 17th Dec Early"]
[Site "chess.com INT"]
[Date "2024.12.17"]
[Round "5"]
[White "Kilic,Eray"]
[Black "Nakamura,Hi"]
[Result "1/2-1/2"]
[WhiteElo "2459"]
[BlackElo "2802"]

1.e4 g6 2.d4 c6 3.Nc3 d5 4.Nf3 Bg4 5.Be2 Bg7 6.e5 Bxf3 7.Bxf3 e6 8.O-O Ne7
9.Ne2 c5 10.c3 Nbc6 11.Be3 cxd4 12.cxd4 Qb6 13.Qd2 Nf5 14.Rac1 O-O 15.Rfd1 Rac8
16.Nc3 Rfe8 17.Bg4 Nxe3 18.fxe3 Na5 19.Nxd5 exd5 20.Rxc8 Rxc8 21.Bxc8 Nc4
22.Qe2 Bh6 23.Kh1 Nxe3 24.Re1 Qxd4 25.e6 f5 26.Qb5 Qe4 27.Qe8+ Kg7 28.Qf7+ Kh8
29.Qe8+ Kg7 30.Qf7+ Kh8 31.Qe8+ Kg7  1/2-1/2

[Event "Titled Tue 17th Dec Late"]
[Site "chess.com INT"]
[Date "2024.12.17"]
[Round "5"]
[White "Damjanovic,Vuk"]
[Black "Nakamura,Hi"]
[Result "0-1"]
[WhiteElo "2368"]
[BlackElo "2802"]

1.Nf3 g6 2.g3 Bg7 3.d4 d5 4.Bg2 Nd7 5.O-O Nb6 6.a4 a5 7.b3 Nh6 8.Ba3 O-O
9.e3 Re8 10.Nbd2 f6 11.e4 c6 12.c4 Bg4 13.exd5 cxd5 14.h3 Bxf3 15.Qxf3 e6
16.Qd3 Nf5 17.Nf3 Rc8 18.c5 Nd7 19.Rac1 Nb8 20.Rfe1 Nc6 21.g4 Nh6 22.Rcd1 Nf7
23.Qb5 Qc7 24.Re2 Rcd8 25.Rde1 e5 26.dxe5 fxe5 27.Qb6 Qxb6 28.cxb6 e4 29.Nh2 Nd4
30.Ra2 Ne5 31.Rd1 Nxb3 32.Bf1 Nf7 33.Rc2 Be5 34.Bb5 Re6 35.Nf1 Nd4 36.Rcc1 Nxb5
37.axb5 Rxb6 38.Ne3 Rxb5 39.Rb1 Rxb1 40.Rxb1 d4 41.Rb5 dxe3  0-1

[Event "Titled Tue 17th Dec Late"]
[Site "chess.com INT"]
[Date "2024.12.17"]
[Round "6"]
[White "Nakamura,Hi"]
[Black "Bluebaum,M"]
[Result "0-1"]
[WhiteElo "2802"]
[BlackElo "2650"]

1.b3 d5 2.Bb2 e6 3.d3 Nf6 4.Nd2 a5 5.a3 a4 6.b4 c5 7.bxc5 Bxc5 8.e3 Nc6 9.d4 Bd6
10.c4 O-O 11.Ngf3 dxc4 12.Bxc4 Qa5 13.O-O b5 14.Bd3 Bb7 15.Qe2 b4 16.Nc4 Qd8
17.Nxd6 Qxd6 18.axb4 Nxb4 19.Ba3 Bxf3 20.Qxf3 Rab8 21.Rfb1 Rfc8 22.Qd1 Nfd5
23.Qxa4 Qb6 24.Bxb4 Nxb4 25.Bf1 Qd6 26.Qa3 Qf8 27.g3 g6 28.Rb3 Nd5 29.Qxf8+ Kxf8
30.Rxb8 Rxb8 31.Bc4 Nf6 32.Kg2 Rc8 33.Bd3 Rc3 34.Rd1 Ra3 35.Kf3 Kg7 36.h3 g5
37.Bf1 h6 38.Rb1 Ra7 39.Bd3 Rc7 40.Rb3 Ra7 41.Bc4 Rc7 42.Rb4 Ra7 43.Bb3 Rc7
44.Rb5 Ra7 45.h4 gxh4 46.gxh4 Rc7 47.Kf4 Ra7 48.f3 Rc7 49.e4 Rd7 50.Rb4 Ng8
51.Ke3 Ne7 52.h5 Ng8 53.f4 Nf6 54.Rb5 Ng4+ 55.Kf3 Nf6 56.d5 exd5 57.e5 Ng8
58.f5 f6 59.e6 Rc7 60.Bxd5 Ne7 61.Be4 Rc3+ 62.Kf4 Rc7 63.Ke3 Ra7 64.Kd3 Rc7
65.Ra5 Ng8 66.Kd4 Ne7 67.Ra6 Kf8 68.Ra8+ Kg7 69.Rd8 Rc1 70.Rd7 Kf8 71.Rd8+ Kg7
72.Re8 Rc7 73.Bd3 Nc6+ 74.Kd5 Ne5 75.Bb5 Ra7 76.Rb8 Ng4 77.Kd6 Ne3 78.Bd3 Ra3
79.Bb1 Ra6+ 80.Kd7 Ra7+ 81.Kd8 Nd5 82.Be4 Ne7 83.Rb5 Kf8 84.Rb8 Kg7 85.Rb3 Kf8
86.Rc3 Ra4 87.Bc2 Rd4+ 88.Kc7 Nd5+ 89.Kc6 Nxc3 90.Kc5 Rd2  0-1

[Event "Titled Tue 17th Dec Early"]
[Site "chess.com INT"]
[Date "2024.12.17"]
[Round "6"]
[White "Nakamura,Hi"]
[Black "Galchenko,Matvey"]
[Result "1-0"]
[WhiteElo "2802"]
[BlackElo "2438"]

1.b3 e5 2.Bb2 Nc6 3.e3 d5 4.Bb5 Ne7 5.Bxe5 a6 6.Bxc6+ Nxc6 7.Bb2 Qg5 8.Kf1 Bf5
9.Nf3 Qh5 10.d3 O-O-O 11.Nbd2 Bd6 12.h3 f6 13.Nd4 Qxd1+ 14.Rxd1 Nxd4 15.Bxd4 Rhe8
16.g4 Bg6 17.Kg2 Bb4 18.Bb2 c5 19.Nf3 h5 20.Nh4 Bf7 21.Nf5 d4 22.e4 g6 23.Ng3 Ba5
24.Ba3 Bb6 25.Rhf1 Ba7 26.f4 hxg4 27.hxg4 b5 28.Rh1 c4 29.Rh7 Rd7 30.Rdh1 cxd3
31.cxd3 Rc7 32.Kf3 a5 33.Rg7 b4 34.Rhh7 Ree7 35.Bb2 Bc5 36.Ne2 Rcd7 37.Rh1 f5
38.Rc1 Rc7 39.Bxd4 fxg4+ 40.Kg3 Bxd4 41.Rxc7+ Rxc7 42.Nxd4 Be8 43.Rxc7+ Kxc7
44.Kxg4 Kd6 45.Nc2 Kc5 46.d4+ Kd6 47.Kg5 Bc6 48.d5 Be8 49.Kf6 a4 50.Nxb4 axb3
51.axb3 Kc5 52.Nc2 Bb5 53.Ke7 Bd3 54.d6  1-0

[Event "Titled Tue 17th Dec Early"]
[Site "chess.com INT"]
[Date "2024.12.17"]
[Round "7"]
[White "Naroditsky,D"]
[Black "Nakamura,Hi"]
[Result "0-1"]
[WhiteElo "2619"]
[BlackElo "2802"]

1.e4 c5 2.c3 d5 3.exd5 Qxd5 4.d4 g6 5.Nf3 Bg7 6.Na3 cxd4 7.Nb5 Na6 8.Nbxd4 Nf6
9.Bb5+ Bd7 10.Qe2 Bxb5 11.Qxb5+ Qxb5 12.Nxb5 Nd5 13.O-O O-O 14.Rd1 e6 15.Bg5 h6
16.Bh4 Nc5 17.Bg3 Na4 18.Rd2 a6 19.Nc7 Nxc7 20.Bxc7 Nxc3 21.bxc3 Bxc3 22.Rb1 Bxd2
23.Nxd2 b5 24.Ne4 Rfc8 25.Be5 Rc2 26.Nf6+ Kf8 27.Rd1 Rac8 28.Nh7+ Kg8 29.Nf6+ Kf8
30.Nh7+ Ke7 31.Bd6+ Kd7 32.Nf6+ Kc6 33.Be5 Kb6 34.Bf4 Rxa2 35.Bxh6 b4 36.Be3+ Kb5
37.Ne4 Rd8 38.Rb1 Rc2 39.g4 a5 40.Ng5 a4 41.Nf3 Rc4 42.Ne5 Rc7 43.Kf1 a3
44.Ra1 Ra8 45.Bc1 Rca7 46.Be3 Ra6 47.Nd3 b3 48.Ke2 a2 49.Bd4 Rd8 50.Bb2 Rc6
51.Ke3 Rc2 52.Bf6 Rd7 53.h4 Rd5 54.f4 Kc4 55.Nb2+ Kb4 56.Nd3+ Ka3 57.Be7+ Ka4
58.Nb4 Rc3+ 59.Ke2 Rd4 60.Nxa2 bxa2 61.Rxa2+ Kb5 62.Bg5 Rh3 63.Rb2+ Rb4 64.Rxb4+ Kxb4
65.Kf2 f5 66.gxf5 exf5 67.Kg2 Rd3 68.Bf6 Kc4 69.Kf2 Kd5  0-1

[Event "Titled Tue 17th Dec Late"]
[Site "chess.com INT"]
[Date "2024.12.17"]
[Round "7"]
[White "Kollars,Dmitrij"]
[Black "Nakamura,Hi"]
[Result "0-1"]
[WhiteElo "2638"]
[BlackElo "2802"]

1.e4 g6 2.d4 Bg7 3.Nf3 c6 4.Bd3 d5 5.e5 f6 6.O-O Bg4 7.Re1 fxe5 8.dxe5 Nd7
9.Bf4 e6 10.Nbd2 Ne7 11.h3 Bxf3 12.Nxf3 O-O 13.Qd2 Nc5 14.Nd4 Qd7 15.Bf1 Ne4
16.Qe3 c5 17.Nf3 Rf7 18.Bd3 Raf8 19.Bh2 Nf5 20.Qe2 Nd4 21.Nxd4 Rxf2 22.Qe3 cxd4
23.Qxd4 Qc6 24.c4 Rd2 25.cxd5 exd5 26.Rac1 Qe6 27.Rc2 Bh6 28.Rxd2 Bxd2 29.Rxe4 dxe4
30.Bxe4 Qb6 31.Qxb6 axb6 32.g4 Be3+  0-1

[Event "Titled Tue 17th Dec Early"]
[Site "chess.com INT"]
[Date "2024.12.17"]
[Round "8"]
[White "Nakamura,Hi"]
[Black "Bok,B"]
[Result "1-0"]
[WhiteElo "2802"]
[BlackElo "2593"]

1.d4 Nf6 2.Nc3 d5 3.Bg5 Nbd7 4.Qd3 e6 5.e4 dxe4 6.Nxe4 Be7 7.Nxf6+ Nxf6 8.Nf3 O-O
9.O-O-O c5 10.Kb1 Qc7 11.g3 b6 12.Bf4 Bd6 13.Bxd6 Qxd6 14.Bg2 Bb7 15.Rhe1 cxd4
16.Qxd4 Qxd4 17.Rxd4 Rfd8 18.Rxd8+ Rxd8 19.Kc1 Kf8 20.h3 Ke7 21.Nh4 Bxg2
22.Nxg2 g6 23.c3 b5 24.Kc2 Nd5 25.Nh4 a6 26.Nf3 Nb6 27.Nd4 Rd6 28.f4 Kf6
29.Nf3 h6 30.Nd2 Ke7 31.Nf3 Kf6 32.b3 Nd5 33.Ne5 Rd8 34.a3 g5 35.c4 bxc4
36.bxc4 Nb6 37.fxg5+ hxg5 38.Kc3 Rc8 39.Kb4 Ke7 40.c5 Nd5+ 41.Kc4 Nb6+ 42.Kd4 Nd5
43.Rb1 Rc7 44.Rb8 f6 45.Nc4 Rd7 46.Nd6 Nc7 47.a4 f5 48.Ke5 f4 49.gxf4 gxf4
50.Kxf4 Kf6 51.Rf8+ Ke7 52.Rc8 Nd5+ 53.Ke5 Nf6 54.a5 Ra7 55.c6  1-0

[Event "Titled Tue 17th Dec Late"]
[Site "chess.com INT"]
[Date "2024.12.17"]
[Round "8"]
[White "Sargsyan,Shant"]
[Black "Nakamura,Hi"]
[Result "1-0"]
[WhiteElo "2646"]
[BlackElo "2802"]

1.c4 e5 2.g3 g6 3.Bg2 Bg7 4.Nc3 Nc6 5.Rb1 a5 6.a3 d6 7.b4 axb4 8.axb4 Nf6
9.b5 Ne7 10.d3 O-O 11.Nf3 h6 12.O-O Be6 13.Bd2 Qd7 14.c5 Bh3 15.b6 Bxg2 16.Kxg2 dxc5
17.Nxe5 Qe6 18.Nc4 c6 19.e4 Rfd8 20.Qe2 Nd7 21.f4 f5 22.e5 Nd5 23.Nxd5 cxd5
24.Nd6 Ra2 25.Ra1 Rda8 26.Rxa2 Rxa2 27.Rf2 Nxb6 28.Qf3 Ra3 29.Nxb7 c4 30.Nc5 Qc6
31.Bb4 Ra1 32.dxc4 Nxc4 33.Nb3 Ra4 34.Nd4 Qa8 35.Bc5 Ra5 36.Ne6 Kf7 37.Nc7 Qc6
38.e6+ Kg8 39.e7 Ra8 40.Qxd5+ Qxd5+ 41.Nxd5 Rc8 42.Nc7 Kf7 43.Re2  1-0

[Event "Titled Tue 17th Dec Late"]
[Site "chess.com INT"]
[Date "2024.12.17"]
[Round "9"]
[White "Nakamura,Hi"]
[Black "Zou,Chen"]
[Result "1-0"]
[WhiteElo "2802"]
[BlackElo "2449"]

1.b3 d5 2.Bb2 Nf6 3.d3 Bf5 4.Nd2 e6 5.g3 h6 6.Bg2 Nbd7 7.e4 Bh7 8.Nh3 c6
9.Qe2 Be7 10.e5 Ng8 11.O-O Bc5 12.d4 Bb6 13.c4 Ne7 14.a3 O-O 15.Nf4 Nf5 16.c5 Bc7
17.b4 b6 18.Bc3 bxc5 19.dxc5 d4 20.Bb2 Nxe5 21.Rfe1 d3 22.Qh5 Ng6 23.Nxg6 Bxg6
24.Qg4 Qd7 25.h4 h5 26.Qf3 Nd4 27.Bxd4 Qxd4 28.Rad1 a5 29.Nb3 Qc3 30.Qxc6 axb4
31.Qxc7 Qxb3 32.Bxa8 Rxa8 33.Qb7 Qxa3 34.c6 Qa7 35.Re5 Qxb7 36.cxb7 Rb8 37.Rb5 Be4
38.Rxb4 Bd5 39.Rxd3 Rxb7 40.Rxb7 Bxb7 41.Rd8+ Kh7 42.Rd7 Bd5 43.Rxf7 Kg6
44.Rf8 e5 45.Kf1 Bf7 46.Ke2 Kf6 47.Ke3 Ke7 48.Rb8 Bg6 49.Rb6 Kf7 50.f3 Bh7
51.g4 hxg4 52.fxg4 Ke7 53.h5 Kf7 54.Kf3 Kg8 55.Re6 e4+ 56.Kf4 Kf7 57.Rb6 Kg8
58.g5 g6 59.h6  1-0

[Event "Titled Tue 17th Dec Early"]
[Site "chess.com INT"]
[Date "2024.12.17"]
[Round "9"]
[White "Nakamura,Hi"]
[Black "Le Tuan Minh"]
[Result "1-0"]
[WhiteElo "2802"]
[BlackElo "2598"]

1.e4 e5 2.Bc4 Nf6 3.d3 c6 4.Nf3 d5 5.Bb3 a5 6.a3 Bd6 7.O-O dxe4 8.dxe4 O-O
9.Qe2 Na6 10.Ba2 Nc5 11.Nbd2 b5 12.Rd1 Qe7 13.Ne1 Rd8 14.Nd3 Nxd3 15.cxd3 Bc5
16.h3 Be6 17.Bxe6 Qxe6 18.Nf3 h6 19.Be3 Bf8 20.Rac1 Rac8 21.Bb6 Re8 22.Bxa5 c5
23.Bc3 Bd6 24.Bd2 Red8 25.Be3 Be7 26.Rd2 Nd7 27.Rdc2 Rb8 28.Kh2 Bf8 29.g3 Rb7
30.Kg2 Ra8 31.Nh4 b4 32.axb4 Rxb4 33.Bd2 Rb3 34.Nf5 Nf6 35.Bc3 Rd8 36.Ne3 Rb7
37.Nc4 Nd7 38.h4 g6 39.h5 Bg7 40.Rh1 Nb6 41.Ba5 Nxc4 42.Bxd8 Nd6 43.hxg6 fxg6
44.Rxc5 Nb5 45.Qc2 Kh7 46.Qc4 Qe8 47.Bg5 Nd4 48.Be3 Rf7 49.Bxd4 exd4 50.Rc7 Rf8
51.Qxd4  1-0

[Event "Titled Tue 17th Dec Late"]
[Site "chess.com INT"]
[Date "2024.12.17"]
[Round "10"]
[White "Rasulov,Vu"]
[Black "Nakamura,Hi"]
[Result "1-0"]
[WhiteElo "2504"]
[BlackElo "2802"]

1.e4 c5 2.Nf3 g6 3.d4 cxd4 4.Qxd4 Nf6 5.e5 Nc6 6.Qa4 Nd5 7.Qb3 e6 8.c4 Nde7
9.Nc3 Bg7 10.Bf4 O-O 11.O-O-O f6 12.exf6 Rxf6 13.Bg5 Rf8 14.h4 h6 15.Bxe7 Nxe7
16.Bd3 b5 17.c5 Rb8 18.Ne4 Bb7 19.h5 Bd5 20.Qc2 Qa5 21.b3 Nc6 22.Rd2 Nb4
23.Qb1 Rbc8 24.Kd1 g5 25.Nexg5 hxg5 26.Nxg5 Rxc5 27.h6 Bf6 28.Bc4 Be4 29.Nxe4 Rf5
30.g4 bxc4 31.gxf5 c3 32.Nxf6+ Rxf6 33.fxe6 cxd2 34.Qe4 Qf5 35.Qg2+ Rg6 36.h7+ Kf8
37.h8=Q+ Ke7 38.Qh7+  1-0

[Event "Titled Tue 17th Dec Early"]
[Site "chess.com INT"]
[Date "2024.12.17"]
[Round "10"]
[White "Maghsoodloo,Parham"]
[Black "Nakamura,Hi"]
[Result "1-0"]
[WhiteElo "2703"]
[BlackElo "2802"]

1.d4 d5 2.c4 e6 3.Nc3 a6 4.cxd5 exd5 5.Bf4 c6 6.e3 Bd6 7.Bxd6 Qxd6 8.Bd3 Ne7
9.Qb3 Nd7 10.Nf3 O-O 11.O-O Nf6 12.Ne5 Ne8 13.Rad1 Qc7 14.h3 Nd6 15.Rc1 Qd8
16.Rfe1 Bf5 17.Bf1 g6 18.f3 Rc8 19.Rcd1 Be6 20.Qa3 Re8 21.Na4 f6 22.Nd3 Nef5
23.Ndc5 Ng3 24.Bd3 Bf7 25.Qb3 Rc7 26.Kf2 Nge4+ 27.Kg1 Rce7 28.Qb6 Qxb6 29.Nxb6 Nxc5
30.dxc5 Nc8 31.Nxc8 Rxc8 32.Kf2 a5 33.a3 Rb8 34.Rd2 Kg7 35.h4 h5 36.Bc2 b6
37.cxb6 Rxb6 38.Ba4 c5 39.b3 c4 40.bxc4 dxc4 41.Rc1 Rc7 42.Rc3 Rb1 43.Bd1 Rcb7
44.e4 Ra1 45.Be2 Rb3 46.Rcc2 c3 47.Rd7 a4 48.Ke3 Kf8 49.Rc7 Raxa3 50.f4 Ra1
51.e5 fxe5 52.fxe5 a3 53.Rxf7+ Ke8 54.e6 a2 55.Ra7 Rb2 56.Rxb2 cxb2 57.Bb5+  1-0

[Event "Titled Tue 17th Dec Early"]
[Site "chess.com INT"]
[Date "2024.12.17"]
[Round "11"]
[White "Nakamura,Hi"]
[Black "Andreikin,D"]
[Result "1-0"]
[WhiteElo "2802"]
[BlackElo "2695"]

1.b3 d5 2.Bb2 Nf6 3.g3 g6 4.Bxf6 exf6 5.d4 f5 6.e3 c6 7.Bg2 Nd7 8.Ne2 Nf6
9.O-O h5 10.c4 h4 11.Nbc3 hxg3 12.hxg3 Be6 13.Nf4 Bd6 14.cxd5 cxd5 15.Qd3 Bxf4
16.exf4 Rc8 17.Rfc1 Kf8 18.Nd1 Kg7 19.Ne3 Qa5 20.a4 Qb4 21.Bf3 Ne4 22.Kg2 a5
23.Be2 Nd2 24.Bd1 Ne4 25.Nf1 Qe1 26.Qe3 Qb4 27.Nh2 Nd2 28.Qe5+ Kh7 29.Nf3 Ne4
30.Rxc8 Rxc8 31.Be2  1-0

[Event "Titled Tue 17th Dec Late"]
[Site "chess.com INT"]
[Date "2024.12.17"]
[Round "11"]
[White "Nakamura,Hi"]
[Black "Szpar,Milosz"]
[Result "1-0"]
[WhiteElo "2802"]
[BlackElo "2457"]

1.b3 e5 2.Bb2 Nc6 3.e3 d5 4.Bb5 Ne7 5.Bxe5 a6 6.Bxc6+ Nxc6 7.Bb2 Qg5 8.Kf1 Bg4
9.Nf3 Qh5 10.h3 O-O-O 11.Kg1 Be6 12.d3 Rg8 13.Nc3 g5 14.Nd4 Qg6 15.Nxc6 bxc6
16.Ne2 Bd6 17.Qd2 h5 18.Qa5 Kb7 19.Ba3 Qf6 20.Bxd6 cxd6 21.Qb4+ Kc7 22.Qc3 Qxc3
23.Nxc3 c5 24.Ne2 h4 25.f3 f5 26.Kf2 Rge8 27.Rag1 d4 28.exd4 f4 29.dxc5 dxc5
30.Re1 Bd5 31.Nc3 Bc6 32.Rxe8 Rxe8 33.Re1 Rxe1 34.Kxe1 Kd6 35.Ne4+ Bxe4 36.dxe4 Ke5
37.c3  1-0

[Event "Titled Tue 24th Dec Early"]
[Site "chess.com INT"]
[Date "2024.12.24"]
[Round "1"]
[White "Atis,Hasan"]
[Black "Nakamura,Hi"]
[Result "0-1"]
[WhiteElo "2213"]
[BlackElo "2802"]

1.e4 g6 2.d4 c6 3.Nc3 d5 4.Nf3 Bg4 5.Be3 Nf6 6.h3 Bxf3 7.Qxf3 e6 8.Be2 Bg7
9.Rd1 Nbd7 10.O-O O-O 11.e5 Ne8 12.Qg3 c5 13.f4 Rc8 14.Rd2 a6 15.Rfd1 Qe7
16.Bf3 f6 17.exf6 Nexf6 18.Bf2 Ne8 19.Re2 cxd4 20.Bxd4 Bxd4+ 21.Rxd4 Qc5
22.Qf2 Ng7 23.Rd1 Qxf2+ 24.Kxf2 Rxf4 25.Kg3 Rff8 26.Kh2 Nf6 27.Rde1 b5 28.a3 Rfd8
29.g4 g5 30.Na2 a5 31.Nc1 Nd7 32.Nd3 Nc5 33.Ne5 b4 34.axb4 axb4 35.b3 Rc7
36.Kg3 h6 37.h4 Ne8 38.hxg5 hxg5 39.Rh1 Nf6 40.Rh6 Rf8 41.Rg6+ Rg7 42.Rh6 Ne8
43.Nc6 Nd6 44.Nd4 Nde4+ 45.Kg2 Re8 46.Nc6 Rc7 47.Nxb4 Kg7 48.Rh1 Rb8 49.Nd3 Rb6
50.Ne5 Nf6 51.Rhe1 Nce4 52.Nd3 Rc3 53.Bxe4 dxe4 54.Nf2 Rbc6 55.Nxe4 Nxe4
56.Rxe4 Rxc2+ 57.R1e2 Rxe2+ 58.Rxe2 Kf6 59.Re3 Rc2+ 60.Kf3 Rh2 61.Ke4 Rh4
62.Rg3 Ke7 63.Ke5 Rh1 64.Re3 Rg1 65.Re4 Rd1 66.Rb4 Rd5+ 67.Ke4 Kf6 68.Rb8 Rd1
69.Rf8+ Kg7 70.Re8 Kf7 71.Rc8 Rg1 72.Ke5 Re1+ 73.Kd6 Rd1+ 74.Ke5 Rd5+ 75.Ke4 Rb5
76.Rc3 Kf6 77.Rf3+ Ke7 78.Rc3 Rb4+ 79.Ke5 Rb7 80.Ke4 Rb5 81.Rh3 Kf7 82.Rh7+ Kg6
83.Rh3 Kg7 84.Rf3 Rc5 85.Rd3 Kf7 86.Rf3+ Ke7 87.Rh3 Rb5 88.Rd3 Rb4+ 89.Kf3 e5
90.Rc3 Kd6 91.Rd3+ Ke6 92.Rc3 e4+ 93.Ke3 Kd5 94.Rc8 Rxb3+ 95.Kf2 Rf3+ 96.Kg2 Rf4
97.Kg3 e3 98.Rd8+ Ke4 99.Rg8 e2 100.Re8+ Kd3 101.Rd8+ Ke3 102.Re8+ Re4  0-1

[Event "Titled Tue 24th Dec Early"]
[Site "chess.com INT"]
[Date "2024.12.24"]
[Round "2"]
[White "Nakamura,Hi"]
[Black "Karttunen,M"]
[Result "1-0"]
[WhiteElo "2802"]
[BlackElo "2480"]

1.b3 e5 2.Bb2 d6 3.e3 Nd7 4.d4 exd4 5.Qxd4 Ngf6 6.c4 Be7 7.Nc3 Nc5 8.Nf3 Ne6
9.Qd2 O-O 10.g3 b6 11.Bg2 Bb7 12.O-O Nc5 13.Qc2 Re8 14.Rad1 h6 15.Nd5 Nxd5
16.cxd5 a5 17.a3 Bf6 18.Nd4 Qd7 19.Rc1 Ra7 20.Rfd1 Raa8 21.b4 axb4 22.axb4 Na6
23.Qb3 Bxd4 24.Rxd4 b5 25.h3 Rab8 26.Rg4 g6 27.Qc3 Re5 28.f4  1-0

[Event "Titled Tue 24th Dec Early"]
[Site "chess.com INT"]
[Date "2024.12.24"]
[Round "3"]
[White "Goltsev,Dmitry"]
[Black "Nakamura,Hi"]
[Result "0-1"]
[WhiteElo "2226"]
[BlackElo "2802"]

1.e4 g6 2.h4 h6 3.d4 c5 4.dxc5 Qa5+ 5.c3 Qxc5 6.Be3 Qa5 7.Nd2 Nc6 8.Ngf3 d6
9.Be2 Nf6 10.Nd4 Bg7 11.f3 Bd7 12.Qb3 Qc7 13.Nc4 Rc8 14.Rd1 O-O 15.Nxc6 bxc6
16.Qa3 d5 17.exd5 cxd5 18.Nd2 Qg3+ 19.Bf2 Qxg2 20.Rg1 Qh2 21.Qxa7 Ra8 22.Qe3 Rxa2
23.Bf1 Qc7 24.Rb1 e5 25.Bd3 d4 26.cxd4 Nd5 27.Qe4 Nf4 28.Bc4 Bf5 29.Qxf5 gxf5
30.Bxa2 Kh8 31.Be3 exd4 32.Bxf4 Qxf4 33.Rd1 d3 34.Bc4 Qe3+ 35.Kf1 Qe2+  0-1

[Event "Titled Tue 24th Dec Early"]
[Site "chess.com INT"]
[Date "2024.12.24"]
[Round "4"]
[White "Nakamura,Hi"]
[Black "Durarbayli,Vasif"]
[Result "1-0"]
[WhiteElo "2802"]
[BlackElo "2622"]

1.b3 d5 2.Bb2 c5 3.e3 a6 4.Nf3 Nc6 5.d4 Nf6 6.Nbd2 cxd4 7.Nxd4 Nxd4 8.Bxd4 Bg4
9.Be2 Bxe2 10.Qxe2 e6 11.O-O Be7 12.c4 O-O 13.Rfd1 Rc8 14.e4 dxe4 15.Nxe4 Qc7
16.Nxf6+ Bxf6 17.Bxf6 gxf6 18.Qg4+ Kh8 19.Qf3 Qe7 20.Rd4 Rfd8 21.Rh4 f5 22.Qc3+ f6
23.Re1 Rd6 24.g3 Rcd8 25.Qf3 Qf7 26.Re3 Rd2 27.a4 Rb2 28.Rd3 Rd2 29.Rxd2 Rxd2
30.Qc3 Rd1+ 31.Kg2 e5 32.Qf3 Qd7 33.Rh6 Kg7 34.Qh5 Qc6+ 35.Kh3  1-0

[Event "Titled Tue 24th Dec Early"]
[Site "chess.com INT"]
[Date "2024.12.24"]
[Round "5"]
[White "Svane,R"]
[Black "Nakamura,Hi"]
[Result "0-1"]
[WhiteElo "2628"]
[BlackElo "2802"]

1.Nf3 g6 2.e4 c5 3.c4 Bg7 4.d4 cxd4 5.Nxd4 Nc6 6.Be3 Qb6 7.Nb3 Qc7 8.Nd4 Qe5
9.Nxc6 bxc6 10.Nc3 Rb8 11.Rb1 Nf6 12.Bd3 d6 13.h3 Qa5 14.O-O Be6 15.Qd2 Nd7
16.Rfc1 Ne5 17.b4 Qc7 18.f4 Nxc4 19.Bxc4 Bxc4 20.Bd4 Bxd4+ 21.Qxd4 Qb6 22.Rd1 f6
23.Kh2 Qxd4 24.Rxd4 Be6 25.e5 dxe5 26.fxe5 fxe5 27.Rd2 O-O 28.Re2 Rf5 29.a3 Bd5
30.Rbe1 e6 31.Rxe5 Rxe5 32.Rxe5 Kf7 33.Kg3 a5 34.bxa5 Ra8 35.a4 Rxa5 36.Re1 Rc5
37.Rc1 e5 38.Kf2 Ke6 39.g3 Ra5 40.Ke3 Ra8 41.Ra1 Bc4 42.Ne4 h6 43.Rc1 Bd5
44.Nc5+ Ke7 45.Ra1 Ra5 46.Nb7 Ra7 47.Nc5 Kd6 48.Ne4+ Bxe4 49.Kxe4 Ra5 50.Ra3 c5
51.Rd3+ Ke6 52.Ra3 c4 53.h4 h5 54.Ra1 Kd6 55.Rf1 Rxa4 56.Rf6+ Kc5 57.Rxg6 Ra1
58.Rg8 Re1+ 59.Kf3 c3 60.Kf2 Re4 61.Kf3 Rc4 62.Ke2 Kd4 63.Rd8+ Ke4 64.Rd1 c2
65.Rc1 Rc8 66.Kd2 Kf3  0-1